[Event "Plzen, JF B"]
[Site "?"]
[Date "1999.??.??"]
[Round "6.10"]
[White "Fiser, J."]
[Black "Simlova, J."]
[Result "1-0"]
[WhiteElo "1683"]
[BlackElo "1550"]
[PlyCount "69"]
[EventDate "1999.??.??"]
[Source "ChessBase"]
[SourceDate "1996.11.15"]

1. e4 e5 2. Nf3 Nc6 3. Bb5 a6 4. Ba4 Nf6 5. O-O Bc5 6. Re1 O-O 7. c3 d5 8. Bxc6
bxc6 9. d4 exd4 10. e5 Ne4 11. cxd4 Bb4 12. Nbd2 f6 13. Qb3 Bxd2 14. Bxd2 fxe5
15. Rxe4 exd4 16. Rxd4 Be6 17. Ng5 Qf6 18. Rf4 Qg6 19. Rxf8+ Rxf8 20. Nxe6 Qxe6
21. Qe3 Qf6 22. Bc3 Qf5 23. Re1 h6 24. Qe6+ Qxe6 25. Rxe6 c5 26. Rxa6 d4 27.
Bd2 d3 28. Kf1 Re8 29. Be3 c4 30. Ke1 Rb8 31. Rc6 Rxb2 32. Rxc4 Kf7 33. Rxc7+
Ke6 34. Rc3 Re2+ 35. Kd1 1-0

[Event "Plzen, JF B"]
[Site "?"]
[Date "1999.??.??"]
[Round "6.11"]
[White "Novy, V."]
[Black "Smid, J."]
[Result "1-0"]
[WhiteElo "1646"]
[BlackElo "1350"]
[PlyCount "37"]
[EventDate "1999.??.??"]
[Source "ChessBase"]
[SourceDate "1996.11.15"]

1. e4 e5 2. Nf3 Nc6 3. Bc4 Bc5 4. b4 Bxb4 5. c3 Ba5 6. d4 exd4 7. O-O dxc3 8.
Qb3 Qe7 9. Nxc3 Bxc3 10. Qxc3 f6 11. Ba3 d6 12. e5 fxe5 13. Rfe1 Kd8 14. Nxe5
Nxe5 15. f4 Qf6 16. fxe5 dxe5 17. Rad1+ Bd7 18. Qd3 Qd6 19. Bxd6 1-0

[Event "Plzen, JF B"]
[Site "?"]
[Date "1999.??.??"]
[Round "6.12"]
[White "Priborsky, J."]
[Black "Straka, V."]
[Result "0-1"]
[WhiteElo "1444"]
[BlackElo "1572"]
[PlyCount "62"]
[EventDate "1999.??.??"]
[Source "ChessBase"]
[SourceDate "1996.11.15"]

1. e4 e6 2. d4 d5 3. Nc3 Bb4 4. Bd3 dxe4 5. Bxe4 Nf6 6. Bd3 O-O 7. Nf3 Nc6 8.
O-O b6 9. Ne4 Be7 10. c3 Bb7 11. Bc2 Na5 12. Nxf6+ Bxf6 13. Qd3 g6 14. Bh6 Bg7
15. Bxg7 Kxg7 16. Rfe1 Qf6 17. Re3 Rad8 18. b4 Nc6 19. Rae1 Ne7 20. Ne5 Nf5 21.
Rh3 c5 22. bxc5 bxc5 23. Qd2 h5 24. Bxf5 exf5 25. Qb2 Be4 26. f3 cxd4 27. cxd4
Bd5 28. f4 Rb8 29. Qa3 Qb6 30. Rd3 Qb2 31. Qd6 Qxg2# 0-1

[Event "Plzen, JF B"]
[Site "?"]
[Date "1999.??.??"]
[Round "6.13"]
[White "Zemen, J."]
[Black "Stich, M."]
[Result "1/2-1/2"]
[WhiteElo "1375"]
[BlackElo "1495"]
[PlyCount "71"]
[EventDate "1999.??.??"]
[Source "ChessBase"]
[SourceDate "1996.11.15"]

1. e4 e5 2. Nf3 Nc6 3. Nc3 Nf6 4. d4 exd4 5. Nxd4 d6 6. Bb5 Bd7 7. Nxc6 Bxc6 8.
Bxc6+ bxc6 9. O-O Be7 10. Qf3 Qd7 11. b3 O-O 12. Bb2 Ng4 13. Qh3 Ne5 14. Qxd7
Nxd7 15. Ne2 Bf6 16. Bxf6 Nxf6 17. Ng3 Rfe8 18. Rfe1 Re6 19. f3 Rae8 20. Kf1 d5
21. exd5 Rxe1+ 22. Rxe1 Rxe1+ 23. Kxe1 cxd5 24. Nf5 Kf8 25. Kd2 g6 26. Ne3 Ke7
27. c4 dxc4 28. Nxc4 Ke6 29. Kd3 c5 30. h3 Nd5 31. Kd2 Nf4 32. Ne3 Ke5 33. h4
h5 34. g3 Ne6 35. Nc4+ Kd4 36. Nd6 1/2-1/2

[Event "Plzen, JF B"]
[Site "?"]
[Date "1999.??.??"]
[Round "6.15"]
[White "Kracik, M."]
[Black "Vogeltanz, M."]
[Result "0-1"]
[WhiteElo "1458"]
[BlackElo "1429"]
[PlyCount "90"]
[EventDate "1999.??.??"]
[Source "ChessBase"]
[SourceDate "1996.11.15"]

1. e4 e6 2. d4 d5 3. exd5 exd5 4. Bd3 Bd6 5. Be3 Nc6 6. Qd2 Nge7 7. Ne2 Nb4 8.
Bb5+ Bd7 9. Bxd7+ Qxd7 10. a3 Nbc6 11. Nbc3 a6 12. Bf4 Na5 13. b3 Nac6 14. O-O
h6 15. Nd1 Nf5 16. c3 Na5 17. Qc2 g5 18. Bxd6 Nxd6 19. Ne3 Qb5 20. Rab1 O-O-O
21. a4 Qc6 22. Nc1 Ne4 23. Ne2 Rhf8 24. f3 Nd6 25. Nf5 Nxf5 26. Qxf5+ Kb8 27.
Qc2 f5 28. Nc1 Qf6 29. Nd3 Nc6 30. b4 Rd6 31. Rfe1 f4 32. Nc5 Ne7 33. Rb2 Ka7
34. a5 c6 35. Qe2 Nf5 36. Qe5 Qd8 37. Ne6 Rxe6 38. Qxe6 h5 39. Qg6 h4 40. Re5
Qd7 41. Qxg5 h3 42. Qxf4 Qc8 43. g4 {#} Nh4 44. Qg3 $2 (44. Rf5 $11) 44...
Nxf3+ 45. Kh1 Nxe5 0-1

[Event "Plzen, JF B"]
[Site "?"]
[Date "1999.??.??"]
[Round "6.16"]
[White "Bernerova, M."]
[Black "Kracikova, K."]
[Result "1-0"]
[WhiteElo "1485"]
[BlackElo "1550"]
[PlyCount "107"]
[EventDate "1999.??.??"]
[Source "ChessBase"]
[SourceDate "1996.11.15"]

1. e4 e5 2. Nf3 Nc6 3. Bb5 Bd6 4. O-O a6 5. Ba4 Nf6 6. Re1 b5 7. Bb3 O-O 8. d3
Na5 9. c3 c5 10. Bc2 Qc7 11. Bg5 Be7 12. Nbd2 c4 13. dxc4 bxc4 14. Nf1 Qb6 15.
Rb1 Bc5 16. Be3 Bxe3 17. Nxe3 Qe6 18. Qe2 Bb7 19. Nf1 Nh5 20. Qd2 d6 21. Rbd1
Rad8 22. Qe3 Bc8 23. Qb6 Qg6 24. Qxa5 Nf4 25. Ng3 Bg4 26. Nxe5 Qg5 27. Nxc4
Qxa5 28. Nxa5 Bxd1 29. Rxd1 Rb8 30. b3 Rb5 31. Nc4 d5 32. exd5 Nxd5 33. Ne2 Nb6
34. Nxb6 Rxb6 35. c4 g6 36. g3 Re8 37. Nc3 Kh8 38. Kf1 h5 39. Nd5 Rc6 40. Nf4
Kg7 41. h4 Kh6 42. Rd7 Rf6 43. Bd3 g5 44. hxg5+ Kxg5 45. Rd5+ Kh6 46. Rxh5+ Kg7
47. Ra5 Kf8 48. Rh5 Kg7 49. Nd5 Rh6 50. Rxh6 Kxh6 51. Nc7 Rd8 52. Ke2 Rd6 53.
c5 Rc6 54. Nxa6 1-0

[Event "Plzen, JF B"]
[Site "?"]
[Date "1999.??.??"]
[Round "6.17"]
[White "Honzl, O."]
[Black "Jurek, M."]
[Result "1/2-1/2"]
[WhiteElo "1268"]
[BlackElo "1350"]
[PlyCount "42"]
[EventDate "1999.??.??"]
[Source "ChessBase"]
[SourceDate "1996.11.15"]

1. e4 e5 2. Nf3 Nc6 3. Bc4 Nf6 4. d3 Bc5 5. Nc3 O-O 6. Bg5 h6 7. Bh4 Be7 8.
Bxf6 Bxf6 9. Nd5 d6 10. h3 a6 11. a4 Bd7 12. c3 Na5 13. Bb3 c6 14. Nxf6+ Qxf6
15. Bc2 c5 16. d4 Nc6 17. d5 Ne7 18. Nd2 Rab8 19. Rb1 b5 20. b4 c4 21. Qf3 Qg6
1/2-1/2

[Event "Plzen, JF B"]
[Site "?"]
[Date "1999.??.??"]
[Round "6.18"]
[White "Soral, D."]
[Black "Rehak, M."]
[Result "0-1"]
[WhiteElo "1550"]
[BlackElo "1259"]
[PlyCount "42"]
[EventDate "1999.??.??"]
[Source "ChessBase"]
[SourceDate "1996.11.15"]

1. e4 e5 2. Nf3 Nc6 3. d4 exd4 4. Nxd4 Nf6 5. Nxc6 bxc6 6. Nc3 Bb4 7. a3 Ba5 8.
Bc4 O-O 9. O-O Bxc3 10. bxc3 Nxe4 11. Qg4 d5 12. Bh6 Bxg4 13. Be3 dxc4 14. h3
Bh5 15. f3 Nxc3 16. Bc5 Re8 17. Bb4 Nd5 18. Rad1 Qg5 19. Bd2 Qg6 20. Rc1 Ne3
21. Rfe1 Qxg2# 0-1

[Event "Plzen, JF B"]
[Site "?"]
[Date "1999.??.??"]
[Round "6.19"]
[White "Smazalova, H."]
[Black "Fastova, K."]
[Result "0-1"]
[WhiteElo "1350"]
[BlackElo "1255"]
[PlyCount "58"]
[EventDate "1999.??.??"]
[Source "ChessBase"]
[SourceDate "1996.11.15"]

1. e4 c5 2. Nf3 a6 3. Nc3 d6 4. Bc4 e6 5. d4 cxd4 6. Nxd4 Be7 7. O-O e5 8. Nf3
Nf6 9. h3 b5 10. Bd5 Nxd5 11. Nxd5 O-O 12. Be3 Nd7 13. Qd3 Nc5 14. Bxc5 dxc5
15. Nxe5 c4 16. Qd1 Bc5 17. Re1 Qd6 18. Nf3 Re8 19. Qd2 Bb7 20. Rad1 Rad8 21.
Ng5 h6 22. Nf3 f5 23. Nc3 Qb6 24. Qe2 Rxd1 25. Rxd1 fxe4 26. Re1 Re7 27. Nh4
Qf6 28. Qg4 Qxf2+ 29. Kh2 Bd6+ 0-1

[Event "Plzen, JF B"]
[Site "?"]
[Date "1999.??.??"]
[Round "6.20"]
[White "Toman, J."]
[Black "Bim, T."]
[Result "1/2-1/2"]
[WhiteElo "1550"]
[BlackElo "1550"]
[PlyCount "66"]
[EventDate "1999.??.??"]
[Source "ChessBase"]
[SourceDate "1996.11.15"]

1. e4 e5 2. Nf3 Nc6 3. d4 exd4 4. Nxd4 Nf6 5. Nxc6 bxc6 6. Nc3 d5 7. Bg5 Be7 8.
Qd4 c5 9. Qa4+ Bd7 10. Bb5 d4 11. Ne2 Nxe4 12. Bxe7 Qxe7 13. Bxd7+ Qxd7 14.
Qxd7+ Kxd7 15. O-O Rab8 16. b3 Rhe8 17. Rad1 Rbd8 18. f3 Ng5 19. Ng3 f6 20. Kf2
Kc8 21. Rfe1 Rxe1 22. Kxe1 Re8+ 23. Kd2 Ne6 24. Re1 Kd7 25. Ne4 f5 26. Nf2 c6
27. Nd3 Re7 28. Re5 g6 29. Nxc5+ Kd6 30. Rxe6+ Rxe6 31. Nxe6 Kxe6 32. Kd3 Kd5
33. f4 h5 1/2-1/2

[Event "Plzen, JF B"]
[Site "?"]
[Date "1999.??.??"]
[Round "6.21"]
[White "Pokorny, J."]
[Black "Kracikova, L."]
[Result "1-0"]
[WhiteElo "1550"]
[BlackElo "1350"]
[PlyCount "75"]
[EventDate "1999.??.??"]
[Source "ChessBase"]
[SourceDate "1996.11.15"]

1. e4 e5 2. Nf3 Nc6 3. d4 exd4 4. Nxd4 Nxd4 5. Qxd4 c5 6. Qa4 Nf6 7. Nc3 b6 8.
Bg5 Be7 9. Bc4 O-O 10. O-O-O d6 11. e5 Nd7 12. Bxe7 Qxe7 13. exd6 Qe8 14. Rhe1
Qd8 15. Nd5 h6 16. Re3 Bb7 17. Rde1 Qg5 18. Ne7+ Kh8 19. Qxd7 Bxg2 20. Nc6 Bxc6
21. Qxc6 Qg6 22. Re8 Raxe8 23. Rxe8 Rxe8 24. Qxe8+ Kh7 25. Bd3 f5 26. Qxg6+
Kxg6 27. d7 Kg5 28. d8=Q+ Kf4 29. Bxf5 Kxf5 30. Qd7+ Kg6 31. Qxa7 b5 32. Qxc5
b4 33. Kd2 h5 34. Qxb4 Kh6 35. Ke3 g6 36. h4 g5 37. Qd6+ Kg7 38. hxg5 1-0

[Event "Plzen, JF B"]
[Site "?"]
[Date "1999.??.??"]
[Round "6.22"]
[White "Simlova, K."]
[Black "Bouska, M."]
[Result "0-1"]
[WhiteElo "1550"]
[BlackElo "1250"]
[PlyCount "52"]
[EventDate "1999.??.??"]
[Source "ChessBase"]
[SourceDate "1996.11.15"]

1. e4 e5 2. Nf3 Nc6 3. Nc3 Nf6 4. Bb5 Bb4 5. O-O O-O 6. d3 d6 7. Bg5 Bxc3 8.
bxc3 Qe7 9. d4 Nd8 10. d5 Bg4 11. Qd3 c6 12. dxc6 bxc6 13. Bc4 Nb7 14. Nh4 Nc5
15. Qe3 h6 16. Ng6 Qc7 17. Bxf6 Rfe8 18. Rfc1 Kh7 19. Nxe5 dxe5 20. Bxg7 Qd6
21. Bxh6 Qxh6 22. Qxc5 Bf3 23. gxf3 Qh3 24. Qxe5 Rxe5 25. f4 Rg8+ 26. Kh1 Qg2#
0-1

[Event "Plzen, JF B"]
[Site "?"]
[Date "1999.??.??"]
[Round "6.23"]
[White "Grobelsek, M."]
[Black "Karbusicky, O."]
[Result "1-0"]
[WhiteElo "1500"]
[BlackElo "1350"]
[PlyCount "41"]
[EventDate "1999.??.??"]
[Source "ChessBase"]
[SourceDate "1996.11.15"]

1. e4 e5 2. Nf3 Nc6 3. Bc4 Bc5 4. O-O Nf6 5. d3 O-O 6. Bg5 h6 7. Bh4 d6 8. h3
Nd4 9. Nc3 Qe8 10. Bxf6 Ne6 11. Nd5 Qd7 12. Nh4 c6 13. Ne7+ Kh8 14. Qg4 d5 15.
exd5 cxd5 16. Bxd5 gxf6 17. Neg6+ fxg6 18. Nxg6+ Kg8 19. Nxe5+ Qg7 20. Bxe6+
Bxe6 21. Qxe6+ 1-0

[Event "Plzen, JF B"]
[Site "?"]
[Date "1999.??.??"]
[Round "6.24"]
[White "Tolar, J."]
[Black "Konig, M."]
[Result "1-0"]
[WhiteElo "1350"]
[BlackElo "1550"]
[PlyCount "87"]
[EventDate "1999.??.??"]
[Source "ChessBase"]
[SourceDate "1996.11.15"]

1. e4 e5 2. Nf3 Nc6 3. Bb5 a6 4. Ba4 Nf6 5. O-O Bc5 6. d3 O-O 7. Bxc6 dxc6 8.
Nxe5 Re8 9. Nf3 Bg4 10. h3 Bh5 11. Bg5 Be7 12. Nbd2 Qd7 13. a3 b5 14. Qc1 a5
15. Qe1 c5 16. Qe3 b4 17. Ne5 Qd6 18. Ndc4 Qd8 19. Nc6 Qd7 20. N6xa5 Qb5 21.
Nb3 Nd7 22. Bxe7 Rxe7 23. Qg5 Nf6 24. e5 h6 25. Qe3 Nd5 26. Qxc5 Qxc5 27. Nxc5
Rae8 28. axb4 Nb6 29. Ra7 Nd5 30. c3 Nb6 31. Nxb6 cxb6 32. Rxe7 Rxe7 33. Na4 b5
34. Nc5 Rxe5 35. c4 bxc4 36. dxc4 Re8 37. f4 Rb8 38. g4 Bg6 39. f5 Bh7 40. Re1
g6 41. f6 Kf8 42. Nd7+ Kg8 43. Nxb8 g5 44. Re8# 1-0

[Event "Plzen, JF B"]
[Site "?"]
[Date "1999.??.??"]
[Round "6.25"]
[White "Franta, S."]
[Black "Matousek, Lu"]
[Result "1-0"]
[WhiteElo "1550"]
[BlackElo "1350"]
[PlyCount "75"]
[EventDate "1999.??.??"]
[Source "ChessBase"]
[SourceDate "1996.11.15"]

1. e4 e5 2. Nf3 Nc6 3. d4 d6 4. dxe5 dxe5 5. Qxd8+ Nxd8 6. Bc4 Nf6 7. Nxe5 Bb4+
8. Nc3 Be6 9. O-O Bxc4 10. Nxc4 O-O 11. Rd1 Nc6 12. a3 Bc5 13. Bf4 Rfe8 14. Nd5
Nxd5 15. exd5 Re2 16. dxc6 Bxf2+ 17. Kf1 Rae8 18. cxb7 R2e4 19. Bxc7 Bc5 20.
b8=Q Rxb8 21. Bxb8 h6 22. Rd8+ Kh7 23. Nd6 Rf4+ 24. Ke2 Rf2+ 25. Kd3 Rf4 26.
Nb5 a6 27. Bxf4 axb5 28. Rc8 Be7 29. Rc7 Bd8 30. Rxf7 Bf6 31. Rxf6 gxf6 32. c4
bxc4+ 33. Kxc4 Kg6 34. b4 h5 35. b5 Kf5 36. Bd2 h4 37. b6 h3 38. gxh3 1-0

[Event "Plzen, JF B"]
[Site "?"]
[Date "1999.??.??"]
[Round "6.26"]
[White "Kovar, J."]
[Black "Palkova, K."]
[Result "1-0"]
[WhiteElo "1250"]
[BlackElo "1350"]
[PlyCount "51"]
[EventDate "1999.??.??"]
[Source "ChessBase"]
[SourceDate "1996.11.15"]

1. d4 d5 2. c4 dxc4 3. Nf3 Nf6 4. e3 Bg4 5. Bxc4 e6 6. Nbd2 Bd6 7. O-O Nc6 8.
Re1 O-O 9. e4 Bb4 10. a3 Bxd2 11. Bxd2 Nxd4 12. Bc3 Nxf3+ 13. gxf3 Qxd1 14.
Raxd1 Bxf3 15. Rd2 Nxe4 16. Rd7 Ng5 17. Rxc7 Bc6 18. Re3 Nf3+ 19. Kf1 Nxh2+ 20.
Kg1 Ng4 21. Rg3 h5 22. f3 Ne3 23. Rxg7+ Kh8 24. Bd3 f6 25. Rh7+ Kg8 26. Rcg7#
1-0

[Event "Plzen, JF B"]
[Site "?"]
[Date "1999.??.??"]
[Round "6.27"]
[White "Momotov, I."]
[Black "Matousek, Li"]
[Result "1-0"]
[WhiteElo "1350"]
[BlackElo "1350"]
[PlyCount "65"]
[EventDate "1999.??.??"]
[Source "ChessBase"]
[SourceDate "1996.11.15"]

1. e4 e5 2. Nf3 Nc6 3. Bb5 Nd4 4. Nxd4 exd4 5. O-O c6 6. Bc4 d5 7. exd5 cxd5 8.
Re1+ Be6 9. Bb5+ Ke7 10. b3 Kf6 11. Qf3+ Bf5 12. Bd3 Nh6 13. Bb2 Bc5 14. b4 Bb6
15. Na3 g6 16. Qf4 Re8 17. Qh4+ g5 18. Qxh6+ Bg6 19. Qh3 Rxe1+ 20. Rxe1 Bxd3
21. cxd3 Qg8 22. Qf3+ Kg7 23. Qxd5 Re8 24. Bxd4+ Bxd4 25. Qxd4+ f6 26. Qd7+ Qf7
27. Qxe8 f5 28. Re7 Qxe7 29. Qxe7+ Kh6 30. Qf6+ Kh5 31. Qxf5 h6 32. g4+ Kh4 33.
Qf3 1-0

[Event "Plzen, JF B"]
[Site "?"]
[Date "1999.??.??"]
[Round "7.1"]
[White "Sedy, P."]
[Black "Priborsky, I."]
[Result "0-1"]
[WhiteElo "1671"]
[BlackElo "1525"]
[PlyCount "64"]
[EventDate "1999.??.??"]
[Source "ChessBase"]
[SourceDate "1996.11.15"]

1. e4 e5 2. Nf3 Nc6 3. Bb5 f5 4. d3 fxe4 5. dxe4 Nf6 6. O-O d6 7. Nc3 Be7 8.
Bg5 Bd7 9. Bxf6 Bxf6 10. Qd5 Qe7 11. Ne1 O-O-O 12. Qc4 Rhf8 13. Nd3 Qf7 14. Nd5
Kb8 15. a4 Rc8 16. b4 Nd4 17. Qa2 c6 18. c3 Nxb5 19. axb5 cxd5 20. exd5 Bf5 21.
Qxa7+ Kc7 22. Nc5 dxc5 23. bxc5 Kd8 24. d6 Qd7 25. Qb6+ Ke8 26. Ra7 Bd8 27.
Qxb7 Qxb7 28. Rxb7 Rxc5 29. Re1 Rf7 30. Rxe5+ Rxe5 31. g4 Rxb5 32. gxf5 Rbxb7
0-1

[Event "Plzen, JF B"]
[Site "?"]
[Date "1999.??.??"]
[Round "7.2"]
[White "Horacek, D."]
[Black "Galicek, S."]
[Result "1/2-1/2"]
[WhiteElo "1704"]
[BlackElo "1860"]
[PlyCount "78"]
[EventDate "1999.??.??"]
[Source "ChessBase"]
[SourceDate "1996.11.15"]

1. e4 c5 2. Nf3 d6 3. d4 cxd4 4. Nxd4 Nf6 5. Nc3 a6 6. Be3 Ng4 7. Bg5 h6 8. Bh4
g5 9. Bg3 Bg7 10. Be2 h5 11. Nf5 Bxf5 12. exf5 Nf6 13. h3 Nc6 14. O-O Qa5 15.
Bf3 O-O 16. Re1 h4 17. Bh2 Qxf5 18. Bxc6 bxc6 19. Rxe7 g4 20. Qd3 Qg5 21. Qe3
Qg6 22. Qd3 Qg5 23. Qe3 Qxe3 24. Rxe3 d5 25. Re2 Rfe8 26. Rae1 gxh3 27. gxh3
Kh7 28. Rxe8 Rxe8 29. Rxe8 Nxe8 30. Na4 Kg6 31. Kg2 Kf5 32. Kf3 Nf6 33. Nc5 Ne4
34. Nxa6 Bxb2 35. Nb4 Bd4 36. Nxc6 Bxf2 37. a4 Be1 38. a5 Nc5 39. Bg1 Na6
1/2-1/2

[Event "Plzen, JF B"]
[Site "?"]
[Date "1999.??.??"]
[Round "7.3"]
[White "Rybak, D."]
[Black "Smid, M."]
[Result "1-0"]
[WhiteElo "1798"]
[BlackElo "1669"]
[PlyCount "59"]
[EventDate "1999.??.??"]
[Source "ChessBase"]
[SourceDate "1996.11.15"]

1. e4 c5 2. c3 d5 3. exd5 Qxd5 4. d4 cxd4 5. cxd4 Nc6 6. Nf3 e5 7. Nc3 Bb4 8.
Bd2 Bxc3 9. Bxc3 e4 10. Ne5 Nxe5 11. dxe5 Ne7 12. Qc2 Bf5 13. Qa4+ Bd7 14. Qa3
Bg4 15. h3 Bh5 16. Qa4+ Nc6 17. Bc4 Qc5 18. O-O O-O 19. e6 e3 20. exf7+ Bxf7
21. Bxf7+ Rxf7 22. fxe3 Qxe3+ 23. Kh1 Raf8 24. Rxf7 Rxf7 25. Re1 Qf2 26. Qg4 h6
27. Qg6 Ne7 28. Qd3 Nf5 29. Re8+ Rf8 30. Qc4+ 1-0

[Event "Plzen, JF B"]
[Site "?"]
[Date "1999.??.??"]
[Round "7.4"]
[White "Marous, R."]
[Black "Barton, J."]
[Result "0-1"]
[WhiteElo "1665"]
[BlackElo "1705"]
[PlyCount "76"]
[EventDate "1999.??.??"]
[Source "ChessBase"]
[SourceDate "1996.11.15"]

1. e4 d5 2. exd5 Nf6 3. c4 c6 4. dxc6 Nxc6 5. Nf3 e5 6. Nc3 Bf5 7. Be2 Qd7 8.
O-O O-O-O 9. a3 g5 10. b4 e4 11. Ne1 g4 12. Qa4 Kb8 13. c5 Nd4 14. Qxd7 Nxd7
15. Bd1 Ne5 16. Nc2 Ndf3+ 17. Bxf3 exf3 18. Ne3 fxg2 19. Nxg2 Nf3+ 20. Kh1 Bg7
21. Ra2 Bd3 22. Rd1 Bc4 23. Ne3 Bxa2 24. Nxa2 h5 25. Nc4 Rhe8 26. Nd6 Re1+ 27.
Rxe1 Nxe1 28. d4 Bxd4 29. Bf4 Ka8 30. Kg1 Nd3 31. Bg3 Rd7 32. Ne4 f5 33. Nd6 f4
34. Bh4 Be5 35. Ne4 Ne1 36. Kf1 Nf3 37. Bg5 Nd2+ 38. Nxd2 Rxd2 0-1

[Event "Plzen, JF B"]
[Site "?"]
[Date "1999.??.??"]
[Round "7.5"]
[White "Straka, V."]
[Black "Svoboda, Jar"]
[Result "0-1"]
[WhiteElo "1572"]
[BlackElo "1740"]
[PlyCount "97"]
[EventDate "1999.??.??"]
[Source "ChessBase"]
[SourceDate "1996.11.15"]

1. e4 e5 2. Nf3 Nc6 3. Bb5 Bc5 4. c3 Nf6 5. d4 exd4 6. e5 Nd5 7. O-O O-O 8.
cxd4 Bb6 9. Bg5 f6 10. exf6 Nxf6 11. d5 Ne7 12. d6 cxd6 13. Nc3 d5 14. Nxd5
Nexd5 15. Bc4 d6 16. Bxd5+ Kh8 17. Qd3 Qe8 18. Rfe1 Qh5 19. Bxf6 Rxf6 20. Re7
Bxf2+ 21. Kxf2 Rxf3+ 22. Qxf3 Qh4+ 23. g3 Qxe7 24. Re1 Qd8 25. Qh5 Bd7 26. Kg2
Bc6 27. Bxc6 bxc6 28. Qf7 Qf8 29. Qxf8+ Rxf8 30. Re7 Rb8 31. Kf3 Kg8 32. b3 a5
33. Ra7 Rb5 34. Ra6 Rc5 35. Ke3 Kf7 36. Kd3 Ke6 37. Ra7 Rh5 38. Rxg7 Rxh2 39.
Ra7 Rg2 40. Rxh7 Rxg3+ 41. Kc4 Rg2 42. Rh6+ Kd7 43. Rh7+ Ke6 44. Rh6+ Kd7 45.
Rh7+ Kc8 46. Rh6 Kc7 47. a4 Rg3 48. Rh8 d5+ 49. Kc5 0-1

[Event "Plzen, JF B"]
[Site "?"]
[Date "1999.??.??"]
[Round "7.6"]
[White "Novy, V."]
[Black "Fiser, J."]
[Result "0-1"]
[WhiteElo "1646"]
[BlackElo "1683"]
[PlyCount "58"]
[EventDate "1999.??.??"]
[Source "ChessBase"]
[SourceDate "1996.11.15"]

1. e4 e6 2. d4 d5 3. Nc3 Nf6 4. e5 Nfd7 5. f4 c5 6. Nf3 Nc6 7. Be3 cxd4 8. Nxd4
Bc5 9. Qd2 a6 10. O-O-O O-O 11. h4 Nxd4 12. Bxd4 b5 13. h5 b4 14. Ne2 a5 15.
Rh3 Qc7 16. g4 a4 17. Kb1 Ba6 18. g5 Rac8 19. Bxc5 Nxc5 20. Nd4 Bxf1 21. Rxf1
Ne4 22. Qxb4 Rb8 23. Qe1 Qb6 24. Nb3 axb3 25. cxb3 Qd4 26. Rh2 Qd3+ 27. Ka1
Rxb3 28. Rfh1 Rb7 29. g6 fxg6 0-1

[Event "Plzen, JF B"]
[Site "?"]
[Date "1999.??.??"]
[Round "7.7"]
[White "Studnicka, T."]
[Black "Petera, L."]
[Result "1-0"]
[WhiteElo "1651"]
[BlackElo "1324"]
[PlyCount "87"]
[EventDate "1999.??.??"]
[Source "ChessBase"]
[SourceDate "1996.11.15"]

1. d4 Nf6 2. Nf3 g6 3. c4 Bg7 4. Nc3 d6 5. e4 O-O 6. Bd3 e5 7. d5 Ne8 8. O-O f5
9. Nd2 Nd7 10. b4 Ndf6 11. f3 f4 12. c5 g5 13. Ba3 g4 14. Rc1 h5 15. Be2 Kh7
16. Nc4 Rg8 17. cxd6 cxd6 18. b5 Bh8 19. b6 a6 20. Kh1 h4 21. fxg4 Nxg4 22. h3
Nh6 23. Rc2 Qg5 24. Bf3 Qf6 25. Bb4 Bd7 26. Qb1 Nf7 27. a4 Rg5 28. Qa2 Ng7 29.
Qa3 Rg6 30. Ne2 Rg8 31. Na5 Rc8 32. Rxc8 Bxc8 33. Rc1 Qd8 34. Rc7 Nh6 35. Nxb7
Bxb7 36. Rxb7 Rf6 37. Rc7 Kg8 38. a5 Ne8 39. Ra7 Rf7 40. b7 Qb8 41. Bxd6 Rc7
42. Ra8 Qxb7 43. Rxe8+ Kg7 44. Bxc7 1-0

[Event "Plzen, JF B"]
[Site "?"]
[Date "1999.??.??"]
[Round "7.8"]
[White "Sodoma, J."]
[Black "Kralovec, V."]
[Result "1-0"]
[WhiteElo "1745"]
[BlackElo "1536"]
[PlyCount "63"]
[EventDate "1999.??.??"]
[Source "ChessBase"]
[SourceDate "1996.11.15"]

1. d4 d5 2. Nf3 Nf6 3. g3 e6 4. Bg2 b6 5. c4 Bb7 6. Ne5 Bd6 7. O-O O-O 8. Nc3
c5 9. Bf4 cxd4 10. Nb5 Bxe5 11. Bxe5 Nc6 12. Bd6 Re8 13. Ba3 Qd7 14. Nd6 Red8
15. cxd5 Nxd5 16. Rc1 Nde7 17. Nxb7 Qxb7 18. Bxe7 Qxe7 19. Bxc6 Rac8 20. Qa4 e5
21. Be4 g6 22. Rc6 Rxc6 23. Qxc6 Rd6 24. Qc4 Qg5 25. Qc7 Rf6 26. Qxa7 Qd2 27.
Qb8+ Kg7 28. Qxe5 Qxb2 29. g4 h6 30. h4 Qxe2 31. g5 Qg4+ 32. Bg2 1-0

[Event "Plzen, JF B"]
[Site "?"]
[Date "1999.??.??"]
[Round "7.9"]
[White "Barton, O."]
[Black "Zemen, J."]
[Result "1-0"]
[WhiteElo "1673"]
[BlackElo "1375"]
[PlyCount "41"]
[EventDate "1999.??.??"]
[Source "ChessBase"]
[SourceDate "1996.11.15"]

1. e4 e5 2. Nf3 Nc6 3. Bc4 Bc5 4. c3 Nf6 5. d4 exd4 6. e5 Ng4 7. Bxf7+ Kf8 8.
cxd4 Be7 9. Bb3 h5 10. Nc3 Na5 11. Bc2 d6 12. h3 Nh6 13. O-O Be6 14. d5 Bg8 15.
e6 c6 16. Qe2 c5 17. Ne4 Bh7 18. Nfg5 Bxe4 19. Nxe4 Ng8 20. Qf3+ Nf6 21. b3 1-0

[Event "Plzen, JF B"]
[Site "?"]
[Date "1999.??.??"]
[Round "7.10"]
[White "Priborsky, M."]
[Black "Bauer, J."]
[Result "1-0"]
[WhiteElo "1487"]
[BlackElo "1575"]
[PlyCount "67"]
[EventDate "1999.??.??"]
[Source "ChessBase"]
[SourceDate "1996.11.15"]

1. e4 e6 2. d4 d5 3. Nc3 dxe4 4. Nxe4 Nd7 5. Nf3 Ngf6 6. Bd3 Be7 7. O-O Nxe4 8.
Bxe4 Nf6 9. Bd3 O-O 10. c3 c5 11. Qe2 Bd7 12. Bc2 Qc7 13. dxc5 Bxc5 14. Bg5
Rad8 15. Rac1 Be7 16. Nd4 Qc5 17. Be3 Qc7 18. Rfd1 Nd5 19. Qd3 f5 20. Re1 e5
21. Bb3 Kh8 22. Bxd5 exd4 23. Bxd4 Bd6 24. h3 f4 25. Re2 Bf5 26. Be4 Bxe4 27.
Rxe4 f3 28. Rh4 Bh2+ 29. Kh1 fxg2+ 30. Kxg2 Rxf2+ 31. Kxf2 Rf8+ 32. Kg2 Qc6+
33. Kxh2 Qd6+ 34. Qg3 1-0

[Event "Plzen, JF B"]
[Site "?"]
[Date "1999.??.??"]
[Round "7.11"]
[White "Vogeltanz, M."]
[Black "Svoboda, Jan"]
[Result "1-0"]
[WhiteElo "1429"]
[BlackElo "1553"]
[PlyCount "57"]
[EventDate "1999.??.??"]
[Source "ChessBase"]
[SourceDate "1996.11.15"]

1. e4 e5 2. Nf3 Nc6 3. d4 exd4 4. Bc4 Bc5 5. c3 d5 6. exd5 Qe7+ 7. Kd2 dxc3+ 8.
bxc3 Qd6 9. Re1+ Nge7 10. Ke2 Na5 11. Qa4+ Bd7 12. Qxa5 a6 13. Ba3 b6 14. Bxc5
Qf4 15. Qb4 a5 16. Qb3 bxc5 17. Bb5 Rb8 18. Bxd7+ Kxd7 19. Qc2 Nxd5 20. Kf1
Rhe8 21. Nbd2 Nf6 22. Qd3+ Kc6 23. Rxe8 Rxe8 24. Rd1 Qa4 25. Nb3 Kb6 26. Rb1
Kc6 27. Qa6+ Kd5 28. Rd1+ Ke4 29. Qd3+ 1-0

[Event "Plzen, JF B"]
[Site "?"]
[Date "1999.??.??"]
[Round "7.12"]
[White "Stich, M."]
[Black "Fastova, K."]
[Result "1-0"]
[WhiteElo "1495"]
[BlackElo "1255"]
[PlyCount "71"]
[EventDate "1999.??.??"]
[Source "ChessBase"]
[SourceDate "1996.11.15"]

1. e4 e5 2. Nf3 d6 3. d4 Nd7 4. dxe5 dxe5 5. Bc4 c6 6. Ng5 Nh6 7. O-O Bc5 8. h3
O-O 9. Nf3 Qf6 10. Bg5 Qg6 11. Re1 Kh8 12. Qd2 Ng8 13. Nh4 Qd6 14. Qxd6 Bxd6
15. Nf5 Bc5 16. a3 b5 17. Ba2 a5 18. Nd2 h6 19. Be3 Ngf6 20. f3 Bxe3+ 21. Nxe3
Kg8 22. Nf5 Ba6 23. Ne7+ Kh8 24. Nxc6 Bb7 25. Ne7 Rad8 26. Nf1 Nh5 27. Nf5 Nf4
28. Nd6 Rb8 29. Nxf7+ Kh7 30. Nd6 Bc6 31. Nf5 Nc5 32. b3 Nfe6 33. b4 axb4 34.
axb4 Nd4 35. Nxd4 exd4 36. bxc5 1-0